Guiding Principles on Internal Displacement : (Record no. 339)

MARC details
000 -LEADER
fixed length control field 01569cam a22003854a 4500
001 - CONTROL NUMBER
control field 16205609
003 - CONTROL NUMBER IDENTIFIER
control field OSt
005 - DATE AND TIME OF LATEST TRANSACTION
control field 20230605114935.0
008 - FIXED-LENGTH DATA ELEMENTS--GENERAL INFORMATION
fixed length control field 100427s2008 dcu b 000 0 eng c
010 ## - LIBRARY OF CONGRESS CONTROL NUMBER
LC control number 2010288687
020 ## - INTERNATIONAL STANDARD BOOK NUMBER
Canceled/invalid ISBN 97809792328909
020 ## - INTERNATIONAL STANDARD BOOK NUMBER
Canceled/invalid ISBN 097923902
035 ## - SYSTEM CONTROL NUMBER
System control number (OCoLC)ocn224045343
040 ## - CATALOGING SOURCE
Original cataloging agency DBI
Transcribing agency DBI
Modifying agency OCLCQ
-- NDL
-- YLS
-- DLC
042 ## - AUTHENTICATION CODE
Authentication code pcc
050 00 - LIBRARY OF CONGRESS CALL NUMBER
Classification number KZ6530
Item number .K35 2008
082 ## - DEWEY DECIMAL CLASSIFICATION NUMBER
Classification number 325.21
Item number KAL
100 1# - MAIN ENTRY--PERSONAL NAME
Personal name Kälin, Walter.
245 10 - TITLE STATEMENT
Title Guiding Principles on Internal Displacement :
Remainder of title Annotations /
Statement of responsibility, etc. by Walter Kälin ; The American Society of International Law, the Brookings Institution--University of Bern Project on Internal Displacement.
246 3# - VARYING FORM OF TITLE
Title proper/short title Guiding principles on internal displacement
246 3# - VARYING FORM OF TITLE
Title proper/short title Guiding priciples on internal displacement
250 ## - EDITION STATEMENT
Edition statement Rev. ed.
260 ## - PUBLICATION, DISTRIBUTION, ETC. (IMPRINT)
Place of publication, distribution, etc. Washington, D.C. :
Name of publisher, distributor, etc. The American Society of International Law,
Date of publication, distribution, etc. c2008.
300 ## - PHYSICAL DESCRIPTION
Extent xv, 171 p. ;
Dimensions 23 cm.
440 #0 - SERIES STATEMENT/ADDED ENTRY--TITLE
Title Studies in transnational legal policy ;
Volume/sequential designation no. 38
504 ## - BIBLIOGRAPHY, ETC. NOTE
Bibliography, etc Includes bibliographical references (p.143-149).
650 #0 - SUBJECT ADDED ENTRY--TOPICAL TERM
Topical term or geographic name as entry element Internally displaced persons
General subdivision Legal status, laws, etc.
650 #0 - SUBJECT ADDED ENTRY--TOPICAL TERM
Topical term or geographic name as entry element Forced migration.
650 #0 - SUBJECT ADDED ENTRY--TOPICAL TERM
Topical term or geographic name as entry element Humanitarian assistance.
710 2# - ADDED ENTRY--CORPORATE NAME
Corporate name or jurisdiction name as entry element American Society of International Law.
710 2# - ADDED ENTRY--CORPORATE NAME
Corporate name or jurisdiction name as entry element Brookings-Bern Project on Internal Displacement.
906 ## - LOCAL DATA ELEMENT F, LDF (RLIN)
a 7
b cbc
c pccadap
d 2
e ncip
f 20
g y-gencatlg
942 ## - ADDED ENTRY ELEMENTS (KOHA)
Source of classification or shelving scheme Dewey Decimal Classification
Koha item type Books
Holdings
Withdrawn status Lost status Source of classification or shelving scheme Damaged status Not for loan Home library Current library Date acquired Total Checkouts Full call number Barcode Date last seen Price effective from Koha item type
    Dewey Decimal Classification     Bunge Tower Library Bunge Tower Library 06/05/2023   325.21 KAL 1000091 06/05/2023 06/05/2023 Books
LIBRARY OPENING HOURS

When the Parliament is sitting: 8.00a.m - 7.00p.m or until the house adjourns
Mondays and Fridays and when the House is on Recess:  8.00a.m - 5.00p.m
Closed on Weekends and Public Holidays

Online Public Access Catalog (OPAC)
Website: http://www.parliament.go.ke
Bunge Library: https://libraryir.parliament.go.ke
Contact: library@parliament.go.ke | Tel no: (254-2)2221291 or 2848000 Ext 5043